Catálogo Biblioteca Central

Aportación al concepto de tortura y tratos inhumanos desde las deficiones de los crímenes contra la humanidad y de guerra (Registro nro. 232402)

Detalles MARC
000 -CABECERA
campo de control de longitud fija 00892naa a22002297i 4500
001 - NÚMERO DE CONTROL
campo de control 232402
003 - IDENTIFICADOR DEL NÚMERO DE CONTROL
campo de control ES-MaBCM
005 - FECHA Y HORA DE LA ÚLTIMA TRANSACCIÓN
campo de control 20260224094302.0
008 - CÓDIGOS DE INFORMACIÓN DE LONGITUD FIJA
campo de control de longitud fija 260219s2023 sp ||||| |||| 00| 0 spa d
040 ## - FUENTE DE LA CATALOGACIÓN
Centro transcriptor ES-MaBCM
100 1# - PUNTO DE ACCESO PRINCIPAL - NOMBRE DE PERSONA
Nombre de persona Gil Gil, Alicia
9 (RLIN) 18729
245 10 - MENCIÓN DE TÍTULO
Título Aportación al concepto de tortura y tratos inhumanos desde las deficiones de los crímenes contra la humanidad y de guerra
Mención de responsabilidad etc. Alicia Gil Gil
504 ## - NOTA DE BIBLIOGRAFÍA, ETC.
Nota de bibliografía etc. Incluye referencias bibliográficas
650 #7 - PUNTO DE ACCESO ADICIONAL DE MATERIA--TÉRMINO DE MATERIA
Término de materia o nombre geográfico como elemento inicial Tortura
9 (RLIN) 60464
650 #7 - PUNTO DE ACCESO ADICIONAL DE MATERIA--TÉRMINO DE MATERIA
Término de materia o nombre geográfico como elemento inicial Crimen contra la humanidad
9 (RLIN) 58187
650 #7 - PUNTO DE ACCESO ADICIONAL DE MATERIA--TÉRMINO DE MATERIA
Término de materia o nombre geográfico como elemento inicial Delito contra las personas
9 (RLIN) 58252
650 #7 - PUNTO DE ACCESO ADICIONAL DE MATERIA--TÉRMINO DE MATERIA
Término de materia o nombre geográfico como elemento inicial Derechos humanos
9 (RLIN) 58362
650 #7 - PUNTO DE ACCESO ADICIONAL DE MATERIA--TÉRMINO DE MATERIA
Término de materia o nombre geográfico como elemento inicial Derecho penal internacional
9 (RLIN) 58347
655 #4 - TÉRMINO DE INDIZACIÓN--GÉNERO/FORMA
Datos o término principal de género/forma Jurisprudencia
9 (RLIN) 115565
773 0# - ENLACE AL DOCUMENTO FUENTE
Lugar editor y fecha de publicación Valencia : Tirant lo Blanch , 2023
Parte(s) relacionada(s) p. [49]-72 - Loc. 62618
Título La crueldad en las constituciones y en los convenios internacionales
Número de control del registro relacionado 225307
942 ## - ELEMENTOS DE PUNTO DE ACCESO ADICIONAL (KOHA)
Fuente del sistema de clasificación o colocación Universal Decimal Classification
Tipo de ítem Koha Capítulos de monografías
Existencias
Estado de retiro Estado de pérdida Fuente del sistema de clasificación o colocación Estado dañado No para préstamo Localización permanente Ubicación/localización actual Ubicación en estantería Fecha de adquisición Total de préstamos Fecha visto por última vez Precio válido a partir de Tipo de ítem Koha
    Universal Decimal Classification     Biblioteca Central del Ministerio de la Presidencia Biblioteca Central del Ministerio de la Presidencia Sala 19/02/2026   19/02/2026 19/02/2026 Capítulos de monografías